000 00579cam a22002053a 4500
001 36895
003 PGUSA
005 20140828083815.0
008 110729s2011||||xxu|||||s|||||000 | eng d
040 _aPGUSA
_beng
042 _adc
100 1 _aTraill, H. D.
_q(Henry Duff),
_d1842-1900
245 1 0 _aWilliam the Third
_h[electronic resource] /
_cH. D. Traill
260 _bProject Gutenberg,
_c2011
506 _aPublic domain in the USA.
516 _aElectronic text
830 0 _aProject Gutenberg
_v36895
856 4 0 _uhttp://www.gutenberg.org/ebooks/36895
942 _cEB
999 _c266150
_d266150